Introductory mathematical methods in economics

Αποθηκεύτηκε σε:
Λεπτομέρειες βιβλιογραφικής εγγραφής
Κύριος συγγραφέας: Wisniewski, Mik
Μορφή: Βιβλίο
Γλώσσα:English
Δημοσίευση: London ; New York : McGraw-Hill, 1998, c1996
Έκδοση:2nd ed., Repr.
Θέματα:
Ετικέτες: Προσθήκη ετικέτας
Δεν υπάρχουν, Καταχωρήστε ετικέτα πρώτοι!

MARC

LEADER 00000nam a2200000 i 4500
001 1/5971
008 000609s19961998 eng d
020 |a 0-07-709109-4 
035 |l 10061771 
040 |a GR-MY-UA  |b gre  |e aacr 
041 0 |a eng 
082 0 |a 330.0151 
100 1 |a Wisniewski, Mik. 
245 1 0 |a Introductory mathematical methods in economics /  |c Mik Wisniewski 
250 |a 2nd ed., Repr. 
260 |a London ; New York :   |b McGraw-Hill,   |c 1998, c1996 
300 |a xi, 375 p.;  |b ill.;  |c 25 cm. 
504 |a Includes index 
650 0 0 |a Economics, Mathematical. 
852 |a INST  |b SAMOS  |e 20000609  |h 330.0151 WIS  |p 005300019579  |q 005300019579  |t BK  |y 0 
901 |a BIBL3-2000-2 
909 |a Σ  |b 078756 
922 |a 3ΕΛΗ  |b 200005  |c ΚΠΣ  |d ΠΑΠΑΣΩΤΗΡΙΟΥ 
950 |a 116-1999-12-31 
970 |a ΚΟΣΙΕΡΗΣ  |b ΧΡΗΣΤΟΣ  |z 2000/06/15